Name a Valid Hunger Games Tribute - Statistics

General Stats
  • This quiz has been taken 53 times
    47 since last reset
  • The average score is 5 of 12
Answer Stats
Answer % Correct
Reaper | Dill | Hull | Tile | Blossom | Chicory | Thresh | Rue | Chaff | Seeder
100%
Wellie | Autumn/Ringina | Wyatt | Rue | Wiress
79%
Enobaria | Beetee | Finnick | Johanna | Peeta | Katniss
70%
Haymich | Wyatt | Louella/Lou Lou | Maysilee | Finnick
67%
Circ | Beetee
55%
Circ | Coral | Treech | Ampert | Maritte | Buck | Hull | Chicory | Glimmer
33%
Panache | Beetee
30%
Mizzen | Hy | Otto | Ginnee | Treech | Tanner | Brandy | Reaper
21%
Facet | Velvereen | Sabyn | Hy | Otto | Ginnee | Panlo | Sheaf | Brandy
15%
Loupe | Panache | Silka | Camilla
9%
Bobbin
6%
Fisser | Hychel | Anion | Potena
6%
No matching quizzes found
Score Distribution
Percent of People with Each Score
Percentile by Number Answered
Your Score History
You have not taken this quiz since the last reset